| 000 | 00741nam a2200277Ia 4500 | ||
|---|---|---|---|
| 001 | Para_2205 | ||
| 003 | CHAP | ||
| 008 | 220125s1977 xx 000 0 und d | ||
| 010 | _a199567 | ||
| 040 | _cCHAP | ||
| 082 | _aPA 595.2 V3 | ||
| 100 |
_aVázquez, Leonila _9164779 |
||
| 245 |
_aArthropoda : _b generalidades, pararthropoda, proarthropoda, chelicerata |
||
| 260 |
_aMéxico, D.F. : _b UNAM |
||
| 300 | _a265 p. | ||
| 500 | _aLa biblioteca tiene: Parte I | ||
| 650 |
_aArtropodos _97782 |
||
| 700 |
_aVillalobos, Alejandro _9119453 |
||
| 901 | _aPA 595.2 V3 | ||
| 902 | _aA | ||
| 905 | _a0000001977 0000000000 00 | ||
| 910 | _a1977 | ||
| 942 | _cPARA | ||
| 942 |
_cPARA _d1 |
||
| 999 |
_c199567 _d199567 |
||